Suurimmat kaupungit ilman pakkasta - Statistics

Yleistilastot
  • Tätä visaa on pelattu 380 kertaa
  • Keskiarvotulos 7 / 17
Vastaustilastot
Väkiluku °C Kaupunki % Oikein
13,6 milj. 10,1 Rio de Janeiro
75%
22,8 milj. 1,2 Kairo
69%
29,5 milj. 18,9 Jakarta
67%
21,8 milj. 9,9 Bangkok
63%
23,1 milj. 11,7 Mumbai
58%
27,8 milj. 14,5 Manila
56%
21,3 milj. 13,7 Lagos
47%
23,1 milj. 5,6 Dhaka
37%
17,9 milj. 6,7 Kalkutta
37%
16,3 milj. 10,0 Kinshasa
35%
12,0 milj. 8,0 Lima
34%
14,3 milj. 13,8 Ho Chi Minh
30%
21,0 milj. 0,0 Karachi
24%
14,7 milj. 7,8 Bangalore
22%
12,9 milj. 13,9 Chennai
22%
11,7 milj. 6,1 Hyderabad
17%
15,4 milj. 0,1 Xiamen
7%
Ehtoja vastaavia visoja ei löytynyt
Tulosjakauma
Jokaisen tuloksen saaneiden osuus
Persentiili vastausten määrän mukaan
Tuloshistoriasi
Et ole pelannut tätä visaa